Temas procesale y penales

保存先:
書誌詳細
第一著者: Chiossone, Tulio (著者)
フォーマット: 図書
言語:スペイン語
出版事項: Caracas Universidad Central de Venezuela 1977
主題:
タグ: タグ追加
タグなし, このレコードへの初めてのタグを付けませんか!

MARC

LEADER 00000nam a2200000 a 4500
001 UCS0244
003 CL-VaPUC
008 970418e19770000VE |||||||||||||||||spa|d
082 0 4 |a 345.001  |b CHI  |2 21 
100 0 |a Chiossone, Tulio  |e author  |9 383477 
245 1 0 |a Temas procesale y penales 
300 |a 328 p 
942 |c BK 
945 |d 19970418 00:00:00  |a paguirre 
260 |a Caracas  |b Universidad Central de Venezuela  |c 1977 
650 7 |a DERECHO PENAL  |2 CL-VaPUC  |9 11 
650 0 |a Penas privativas de libertad  |9 383297 
650 7 |a CRIMINALES  |2 CL-VaPUC  |9 322996 
650 0 |a Procedimiento penal  |9 254974 
650 0 |a Libertad individual  |9 352859 
650 7 |a RESPONSABILIDAD CIVIL  |2 CL-VaPUC  |9 383478 
650 0 |a Responsabilidad penal  |9 254899 
650 7 |a REPARACION DEL MAL CAUSADO  |2 CL-VaPUC  |9 381254 
583 |a last modification  |c 19970418 00:00:00  |k Rodrigo Vera 
999 |c 258483  |d 258481 
952 |0 0  |1 0  |4 0  |6 345_001000000000000_CHI_1977  |7 0  |8 A  |9 282624  |a BIBDER  |b BIBDER  |d 2019-11-19  |i 1832603  |o 345.001 CHI 1977  |p 1832603  |r 2023-01-25  |w 2019-11-19  |y BK  |k DER